000 00870nam a2200313 a 4500
003 AR-BaBNM
005 20251128203016.0
008 082120s2002 ||||||||||||||000 | spa||
040 _cAR-BaBNM
100 1 _aMyers, John L.
245 0 0 _aEl amanecer de la historia
250 _a2ª ed.
260 _aMéxico, D.F.
_bFondo de Cultura Económica
_c1956
300 _a199 p.
490 0 _aBreviarios
_vv. 35
500 _aContiene un mapa desplegable del Mediterráneo y sus pueblos
504 _aBibliografía para consultar p. 196-198
650 4 _aHISTORIOGRAFIA
650 4 _aHISTORIA ANTIGUA
650 4 _aSOCIEDAD
650 4 _aECONOMIA
650 4 _aCIVILIZACIONES ANTIGUAS
650 4 _aASIRIOLOGIA
650 4 _aEGIPTOLOGIA
650 4 _aHISTORIA CULTURAL
700 1 _aTorner, Florentino M.
_etraductor
942 _cBK
998 _cmariana
999 _c1495
_d1495